[Event "Bekkestua op"]
[Site "Bekkestua"]
[Date "2023.08.04"]
[Round "4"]
[White "Hetland, Even Huneide"]
[Black "Nilsen, David Myrseth"]
[Result "1-0"]
[WhiteElo "1803"]
[BlackElo "1710"]
[PlyCount "71"]
[EventDate "2023.08.04"]
[EventType "swiss"]
[EventRounds "6"]
[EventCountry "NOR"]
[SourceTitle "EXT 2024"]
[Source "ChessBase"]
[SourceDate "2023.10.10"]
[SourceVersion "1"]
[SourceVersionDate "2023.10.10"]
[SourceQuality "1"]

1. d4 d5 2. c4 c6 3. Nc3 Nf6 4. Nf3 Bf5 5. cxd5 cxd5 6. Qb3 e6 7. Qxb7 Nbd7 8. e3 Be7 9. Be2 0-0 10. 0-0 Nb6 11. Ne5 Bd6 12. b3 Bxe5 13. dxe5 Nfd7 14. Ba3 Qc8 15. Qxc8 Rfxc8 16. Rfc1 Nxe5 17. Ba6 Rd8 18. Nb5 Nd3 19. Rc3 e5 20. Nd6 d4 21. exd4 exd4 22. Rc7 Bg6 23. Rd1 Nd5 24. Rb7 N5f4 25. Bc4 Ne5 26. Rxd4 Nxc4 27. Rxc4 Ne6 28. f4 Bb1 29. f5 Nf8 30. Rc1 Bd3 31. Rcc7 Bxf5 32. Nxf5 Rd1+ 33. Kf2 Rad8 34. Bxf8 R8d2+ 35. Kf3 Rd3+ 36. Ne3 1-0

[Event "Bekkestua op"]
[Site "Bekkestua"]
[Date "2023.08.04"]
[Round "3"]
[White "Hjortas, Olav"]
[Black "Hetland, Even Huneide"]
[Result "0-1"]
[WhiteElo "1699"]
[BlackElo "1803"]
[PlyCount "60"]
[EventDate "2023.08.04"]
[EventType "swiss"]
[EventRounds "6"]
[EventCountry "NOR"]
[SourceTitle "EXT 2024"]
[Source "ChessBase"]
[SourceDate "2023.10.10"]
[SourceVersion "1"]
[SourceVersionDate "2023.10.10"]
[SourceQuality "1"]

1. d4 d5 2. Bg5 Nf6 3. Bxf6 exf6 4. e3 Bd6 5. c4 dxc4 6. Bxc4 0-0 7. Nc3 c6 8. h3 Re8 9. Nf3 Nd7 10. 0-0 f5 11. Re1 Nf6 12. Ng5 Re7 13. Rc1 h6 14. Nf3 Be6 15. Nd2 Qd7 16. f4 Rae8 17. Bd3 Bxf4 18. Qa4 Bb8 19. Nf3 Bd5 20. Qc2 g6 21. Nd1 Bxf3 22. gxf3 f4 23. e4 Qxd4+ 24. Kg2 Re5 25. Nc3 Rg5+ 26. Kh2 Rg3 27. Qe2 Re5 28. Qf1 Rh5 29. Ne2 Qf2+ 30. Qxf2 Rhxh3# 0-1

[Event "NOR-chB"]
[Site "Oslo"]
[Date "2023.07.04"]
[Round "5"]
[White "Hetland, Even Huneide"]
[Black "Bech, Havard Eriksen"]
[Result "0-1"]
[WhiteElo "1719"]
[BlackElo "1888"]
[PlyCount "58"]
[EventDate "2023.06.30"]
[EventType "swiss"]
[EventRounds "9"]
[EventCountry "NOR"]
[SourceTitle "EXT 2024"]
[Source "ChessBase"]
[SourceDate "2023.10.10"]
[SourceVersion "1"]
[SourceVersionDate "2023.10.10"]
[SourceQuality "1"]

1. d4 d5 2. c4 c6 3. Nc3 Nf6 4. Nf3 e6 5. Bg5 dxc4 6. e4 b5 7. e5 h6 8. Bh4 g5 9. Nxg5 hxg5 10. Bxg5 Nbd7 11. Be2 Be7 12. exf6 Nxf6 13. Bf3 Nd5 14. Bxe7 Qxe7 15. a4 b4 16. Ne4 Nf4 17. Nc5 Bd7 18. Qc2 e5 19. Qxc4 e4 20. Bxe4 f5 21. Nxd7 Qxe4+ 22. Kd2 Kxd7 23. Rhe1 Qd5 24. Qxb4 Rab8 25. Re7+ Kc8 26. Qc3 Rb3 27. Qc5 Rxb2+ 28. Ke3 Qxc5 29. dxc5 Nd5+ 0-1

[Event "Norway Chess op"]
[Site "Stavanger"]
[Date "2023.06.02"]
[Round "9"]
[White "Omtvedt, Aleksander"]
[Black "Hetland, Even Huneide"]
[Result "0-1"]
[WhiteElo "1896"]
[BlackElo "1719"]
[PlyCount "86"]
[EventDate "2023.05.27"]
[EventType "swiss"]
[EventRounds "10"]
[EventCountry "NOR"]
[SourceTitle "CBM 214 Extra"]
[Source "ChessBase"]
[SourceDate "2023.07.31"]
[SourceVersion "1"]
[SourceVersionDate "2023.07.31"]
[SourceQuality "1"]

1. d4 d5 2. c4 e6 3. Nc3 Nf6 4. cxd5 exd5 5. Bg5 Be7 6. e3 0-0 7. Bd3 c6 8. Qc2 Nbd7 9. Nge2 Re8 10. 0-0 Nf8 11. Rab1 g6 12. b4 a6 13. a4 Ne6 14. Bh4 Ng7 15. f3 Bf5 16. e4 dxe4 17. Nxe4 Nxe4 18. fxe4 Bxe4 19. Bxe4 Bxh4 20. b5 axb5 21. axb5 Qe7 22. Nc3 Rac8 23. bxc6 bxc6 24. Rfd1 Ne6 25. Qa4 Ng5 26. Bxc6 Nh3+ 27. gxh3 Qe3+ 28. Kh1 Qxc3 29. Bg2 Re2 30. d5 Qc2 31. Qg4 Rc4 32. Qf3 Rf2 33. Qe3 Rxg2 34. Qe5 Rc8 35. Rbc1 Rxh2+ 36. Qxh2 Qxc1 37. Qe2 Qa3 38. Qg4 Rc1 39. d6 Rxd1+ 40. Qxd1 Qxh3+ 41. Kg1 Qe3+ 42. Kg2 Qf2+ 43. Kh1 Bg3 0-1

[Event "Reykjavik op"]
[Site "Reykjavik"]
[Date "2023.04.01"]
[Round "6"]
[White "Botez, Alexandra"]
[Black "Hetland, Even Huneide"]
[Result "1-0"]
[WhiteElo "1988"]
[BlackElo "1680"]
[PlyCount "67"]
[EventDate "2023.03.29"]
[EventType "swiss"]
[EventRounds "9"]
[EventCountry "ISL"]
[SourceTitle "CBM 213 Extra"]
[Source "ChessBase"]
[SourceDate "2023.05.31"]
[SourceVersion "1"]
[SourceVersionDate "2023.05.31"]
[SourceQuality "1"]

1. d4 d5 2. Nf3 Nf6 3. g3 e6 4. Bg2 c5 5. 0-0 Nc6 6. c3 Bd6 7. dxc5 Bxc5 8. c4 0-0 9. cxd5 Nxd5 10. Qc2 Qb6 11. a3 Nd4 12. Nxd4 Bxd4 13. e3 Bf6 14. e4 Ne7 15. Nc3 Bd7 16. Be3 Qa5 17. Rfd1 Rfd8 18. Bd4 Bxd4 19. Rxd4 e5 20. Rd2 Be6 21. Rad1 Rxd2 22. Rxd2 Nc6 23. Nd5 Nd4 24. Qd3 Kf8 25. Qc3 Qd8 26. Qb4+ Ke8 27. Qxb7 Rc8 28. h3 Rc1+ 29. Kh2 Bc8 30. Qxa7 Qg5 31. Qa4+ Bd7 32. Qb4 Nc6 33. Qd6 h5 34. Nc7+ 1-0

[Event "Reykjavik op"]
[Site "Reykjavik"]
[Date "2023.03.30"]
[Round "2"]
[White "Koh, Ming Yao Gavin"]
[Black "Hetland, Even Huneide"]
[Result "1-0"]
[WhiteElo "2012"]
[BlackElo "1680"]
[PlyCount "59"]
[EventDate "2023.03.29"]
[EventType "swiss"]
[EventRounds "9"]
[EventCountry "ISL"]
[SourceTitle "CBM 213 Extra"]
[Source "ChessBase"]
[SourceDate "2023.05.31"]
[SourceVersion "1"]
[SourceVersionDate "2023.05.31"]
[SourceQuality "1"]

1. d4 d5 2. c4 e6 3. Nf3 Nf6 4. Nc3 Be7 5. Bf4 0-0 6. e3 b6 7. cxd5 exd5 8. Bd3 Bb7 9. h3 c5 10. 0-0 Nc6 11. Rc1 cxd4 12. exd4 Qd7 13. Re1 Rac8 14. a3 Nh5 15. Ne5 Nxe5 16. Bxe5 g6 17. Qf3 a6 18. Rc2 Rfe8 19. Rce2 Ng7 20. Bc2 b5 21. Bb3 Rcd8 22. Nd1 b4 23. Ne3 h5 24. a4 Ne6 25. Qg3 Kh7 26. Bc2 b3 27. Bxb3 f6 28. Bc2 Rg8 29. Qf3 Ng5 30. Qxh5+ 1-0

[Event "Kragero Sept op"]
[Site "Kragero"]
[Date "2020.09.04"]
[Round "1"]
[White "Hetland, Even Huneide"]
[Black "Teigen, Tore"]
[Result "1-0"]
[WhiteElo "1217"]
[BlackElo "1555"]
[PlyCount "97"]
[EventDate "2020.09.04"]
[EventType "swiss"]
[EventRounds "6"]
[EventCountry "NOR"]
[SourceTitle "CBM 198 Extra"]
[Source "ChessBase"]
[SourceDate "2020.11.30"]
[SourceVersion "1"]
[SourceVersionDate "2020.11.30"]
[SourceQuality "1"]

1. d4 Nf6 2. Nf3 e6 3. Bf4 d5 4. e3 c5 5. c4 cxd4 6. exd4 Bb4+ 7. Nc3 0-0 8. a3 Ba5 9. Be2 Ne4 10. Qc2 Nc6 11. 0-0 Nxc3 12. bxc3 Bc7 13. Bd2 dxc4 14. Bxc4 h6 15. Rad1 Qe7 16. a4 Bd7 17. Rfe1 Qf6 18. Qd3 Rad8 19. Rb1 b6 20. Qc2 Rfe8 21. Rbd1 Ne7 22. Ne5 Bxe5 23. Rxe5 Ng6 24. Re3 Bc6 25. Bd3 Nf8 26. Ra1 Qe7 27. a5 Qb7 28. axb6 Qxb6 29. Rg3 Kh8 30. Re3 Qb7 31. g3 Qd7 32. Rb1 Rb8 33. Rd1 Rb6 34. Bc4 Reb8 35. Bd3 Rb2 36. Qc1 Bb5 37. Qxb2 a6 38. c4 Rb7 39. cxb5 axb5 40. Bb4 Ng6 41. Ra1 Kh7 42. Qc3 Rc7 43. Qb3 Qc6 44. Ba5 Rc8 45. Rb1 Qa8 46. Bd2 Rb8 47. Bxb5 Ne7 48. Bd3+ g6 49. Qxb8 1-0